[Event "SR 2. liga A 2016/2017"]
[Site "?"]
[Date "2017.02.11"]
[Round "8.5"]
[White "Gzib, David"]
[Black "Petrik, Karol"]
[Result "1-0"]
[WhiteElo "1752"]
[BlackElo "2108"]
[PlyCount "119"]
[EventDate "2016.??.??"]

1. e4 d5 2. exd5 Nf6 3. d4 Nxd5 4. c4 Nb4 5. a3 N4c6 6. d5 Ne5 7. Bf4 Ng6 8.
Bg3 e6 9. Nc3 Bd6 10. Bxd6 cxd6 11. Nf3 O-O 12. Bd3 Na6 13. O-O Nc7 14. Re1
exd5 15. Bxg6 hxg6 16. Nxd5 Be6 17. Nxc7 Qxc7 18. b3 Bg4 19. h3 Bxf3 20. Qxf3
Rfe8 21. Re2 Re5 22. Rxe5 dxe5 23. Rd1 Re8 24. Qd5 g5 25. Qd7 Re7 26. Qxc7 Rxc7
27. Rd8+ Kh7 28. f3 Kg6 29. Kf2 Kf6 30. Ke3 b5 31. Rd6+ Ke7 32. Rd5 bxc4 33.
bxc4 f6 34. Kd3 Ke6 35. g4 Kf7 36. c5 Ke7 37. Kc4 Rb7 38. c6 Rb6 39. Kc5 Ra6
40. Rd7+ Ke6 41. Rd6+ Ke7 42. c7 Rxa3 43. Kb4 Kxd6 44. c8=Q Ra1 45. Qf8+ Kd5
46. Qxg7 a5+ 47. Kb5 Ke6 48. Qg8+ Ke7 49. Qb3 a4 50. Qb2 Rh1 51. Qb4+ Kf7 52.
Qxa4 Rxh3 53. Qe4 Rh8 54. Kc6 Rd8 55. Qc4+ Kg7 56. Qe6 Rd4 57. Qe7+ Kg6 58. Qf8
Rd1 59. Qg8+ Kh6 60. Qf7 1-0

[Event "SR 2. liga A 2016/2017"]
[Site "?"]
[Date "2017.02.11"]
[Round "8.6"]
[White "Kralovic, Andrej"]
[Black "Bronis, Marian"]
[Result "1/2-1/2"]
[WhiteElo "2201"]
[BlackElo "2098"]
[PlyCount "58"]
[EventDate "2016.??.??"]

1. e4 c5 2. b3 e5 3. Bb2 d6 4. Bc4 Nf6 5. Nc3 Be7 6. Nge2 O-O 7. d3 Nbd7 8. O-O
Nb6 9. f4 Ng4 10. Qd2 exf4 11. Nxf4 Bg5 12. h3 Ne5 13. Qe2 Bxf4 14. Rxf4 Qg5
15. Bc1 Qe7 16. Bd2 Be6 17. Raf1 Rae8 18. Qh5 Ng6 19. R4f2 a6 20. a4 Nd7 21.
Bg5 f6 22. Bd2 Nde5 23. Nd5 Qd8 24. Ne3 Qd7 25. a5 Ne7 26. Bc3 N7c6 27. Qd1 Rd8
28. Kh2 Ne7 29. Kg1 N7c6 1/2-1/2

[Event "SR 2. liga A 2016/2017"]
[Site "?"]
[Date "2017.02.11"]
[Round "8.6"]
[White "Sukuba, Zdeno"]
[Black "Bednar, Jan"]
[Result "1-0"]
[WhiteElo "2138"]
[BlackElo "2077"]
[PlyCount "119"]
[EventDate "2016.??.??"]

1. c4 c5 2. Nf3 Nf6 3. d4 cxd4 4. Nxd4 g6 5. Nc3 Bg7 6. e4 d6 7. Be2 O-O 8. O-O
Nc6 9. Be3 Bd7 10. Qd2 Ng4 11. Bxg4 Bxg4 12. Nxc6 bxc6 13. Bh6 Qa5 14. Bxg7
Kxg7 15. Qd4+ Kg8 16. e5 Be6 17. exd6 exd6 18. Ne4 Qe5 19. Rfd1 Rfd8 20. Qxe5
dxe5 21. b3 Kf8 22. Nc5 Ke7 23. Nb7 Rxd1+ 24. Rxd1 a5 25. a4 h5 26. h4 Bf5 27.
Nc5 Rb8 28. f3 Rb4 29. Rd2 Be6 30. Kf2 f6 31. g3 g5 32. Rd3 gxh4 33. gxh4 Bf5
34. Rd2 Be6 35. Ke2 Rb8 36. Kd3 Rd8+ 37. Ke3 Rb8 38. Kd3 Rd8+ 39. Kc3 Rb8 40.
Re2 Bf5 41. Rd2 Rg8 42. b4 axb4+ 43. Kxb4 Rg3 44. a5 Bc8 45. a6 Bxa6 46. Nxa6
Rxf3 47. Nb8 e4 48. Nxc6+ Ke8 49. Rd8+ Kf7 50. Rd7+ Ke6 51. Rh7 Rd3 52. c5 Kd5
53. Ne7+ Ke5 54. Rxh5+ Ke6 55. Ng6 Rf3 56. Rh7 Kd5 57. Rd7+ Kc6 58. Rd6+ Kc7
59. Re6 Rg3 60. h5 1-0

[Event "SR 2. liga A 2016/2017"]
[Site "?"]
[Date "2017.02.11"]
[Round "8.6"]
[White "Macka, Oto"]
[Black "Biro, Karol"]
[Result "1-0"]
[WhiteElo "2020"]
[BlackElo "2080"]
[PlyCount "75"]
[EventDate "2016.??.??"]

1. c4 d6 2. d4 e5 3. Nf3 e4 4. Ng5 f5 5. g3 h6 6. Nh3 g5 7. Ng1 Be7 8. Nc3 Be6
9. b3 Bf7 10. Bh3 Bg6 11. Nd5 Nf6 12. Nxe7 Kxe7 13. Qd2 c5 14. Bb2 Nc6 15. d5
Ne5 16. f4 exf3 17. exf3 Kd7 18. O-O-O Kc7 19. Bg2 f4 20. Bxe5 dxe5 21. d6+ Kb8
22. d7 b6 23. Qd6+ Kb7 24. Qxe5 Rh7 25. Bh3 a5 26. Ne2 fxg3 27. Nxg3 g4 28.
fxg4 Ka6 29. Bg2 Nxd7 30. Bxa8 Qxa8 31. Qd5 Qd8 32. Rhe1 Qf8 33. Nf5 h5 34. Qd6
Qh8 35. Qxg6 hxg4 36. Re2 Ne5 37. Rxe5 Rxh2 38. Qe8 1-0

[Event "SR 2. liga A 2016/2017"]
[Site "?"]
[Date "2017.02.11"]
[Round "8.6"]
[White "Janos, Ivan"]
[Black "Helbich, Branislav"]
[Result "1/2-1/2"]
[WhiteElo "2037"]
[BlackElo "1961"]
[PlyCount "108"]
[EventDate "2016.??.??"]

1. e4 e5 2. Nf3 Nc6 3. Bb5 a6 4. Bxc6 dxc6 5. d3 Bd6 6. Be3 Nf6 7. h3 h6 8. c4
c5 9. Nc3 c6 10. O-O O-O 11. Qd2 Kh7 12. Ne2 Ng8 13. b4 cxb4 14. c5 Bc7 15.
Rfd1 a5 16. Qb2 Qe7 17. Ng3 f6 18. Nh4 g6 19. Nf3 Be6 20. d4 exd4 21. Bxd4 Bc4
22. Qc2 Qf7 23. Nd2 Bb5 24. Rab1 Rad8 25. Qb2 Rd7 26. Nf3 Rfd8 27. Qa1 Bc4 28.
e5 Bxa2 29. Rbc1 Bb3 30. Re1 fxe5 31. Bxe5 a4 32. Ne4 Qf5 33. Nd6 Bxd6 34. Bxd6
Rf7 35. Qd4 Nf6 36. Re5 Qd7 37. Qxb4 Nd5 38. Qh4 Kg7 39. Rce1 Ra8 40. Qd4 Kg8
41. Re6 Rg7 42. Nd2 Bc2 43. Qc4 Bf5 44. R6e2 b5 45. Qh4 h5 46. Ne4 Re8 47. Nf6+
Nxf6 48. Qxf6 Rxe2 49. Rxe2 Rf7 50. Qc3 Be6 51. Qe1 Bc4 52. Re8+ Kh7 53. Qe5
Rg7 54. Bf8 Rf7 1/2-1/2

[Event "SR 2. liga A 2016/2017"]
[Site "?"]
[Date "2017.02.11"]
[Round "8.6"]
[White "Goga, Frantisek"]
[Black "Povysil, Peter"]
[Result "0-1"]
[WhiteElo "1977"]
[BlackElo "1971"]
[PlyCount "38"]
[EventDate "2016.??.??"]

1. e4 e6 2. d4 c5 3. Nf3 cxd4 4. Nxd4 Nf6 5. Bd3 Nc6 6. Nxc6 bxc6 7. O-O d5 8.
exd5 cxd5 9. c4 Be7 10. cxd5 Nxd5 11. Bd2 O-O 12. Qc2 h6 13. a3 Bb7 14. Qb3 Rb8
15. Qd1 Bf6 16. Nc3 Nxc3 17. Bxc3 Bxc3 18. bxc3 Qd5 19. f3 Rfd8 0-1

[Event "SR 2. liga A 2016/2017"]
[Site "?"]
[Date "2017.02.11"]
[Round "8.6"]
[White "Mandak, Miroslav"]
[Black "Suchansky, Jakub"]
[Result "0-1"]
[WhiteElo "1991"]
[BlackElo "1896"]
[PlyCount "90"]
[EventDate "2016.??.??"]

1. e4 e6 2. d4 d5 3. Nc3 dxe4 4. Nxe4 Nf6 5. Nxf6+ gxf6 6. Nf3 b6 7. Be3 Bb7 8.
Be2 Nd7 9. c3 Bd6 10. Qc2 Qe7 11. O-O-O O-O-O 12. Rhe1 c5 13. g3 Kb8 14. Nh4
cxd4 15. Bxd4 Bc5 16. Bf3 Bxd4 17. Rxd4 Ne5 18. Bxb7 Rxd4 19. cxd4 Qxb7 20. Kb1
Nc6 21. Qe4 Nb4 22. Qxb7+ Kxb7 23. a3 Nc6 24. Re4 f5 25. Rf4 Ne7 26. g4 Ng6 27.
Nxg6 hxg6 28. gxf5 exf5 29. h4 Kc6 30. Kc2 Kd5 31. Kd3 a6 32. b3 b5 33. b4 f6
34. Kc3 Rc8+ 35. Kd3 Re8 36. f3 Rh8 37. Kc3 Ke6 38. Kd3 g5 39. hxg5 fxg5 40.
d5+ Ke5 41. Rd4 Rh1 42. f4+ gxf4 43. Kc3 Rc1+ 44. Kd2 Kxd4 45. Kxc1 Kxd5 0-1

[Event "SR 2. liga A 2016/2017"]
[Site "?"]
[Date "2017.02.11"]
[Round "8.6"]
[White "Novak, Stanislav"]
[Black "Kohlmann, Robert"]
[Result "1/2-1/2"]
[WhiteElo "1943"]
[BlackElo "2103"]
[PlyCount "25"]
[EventDate "2016.??.??"]

1. e4 c5 2. Nf3 Nc6 3. d4 cxd4 4. Nxd4 g6 5. Be3 Nf6 6. Nc3 Bg7 7. Be2 O-O 8.
O-O d5 9. exd5 Nb4 10. Bf3 Nbxd5 11. Nxd5 Nxd5 12. Bg5 h6 13. Bh4 1/2-1/2

[Event "SR 2. liga A 2016/2017"]
[Site "?"]
[Date "2017.02.11"]
[Round "8.6"]
[White "Kebis, Milos"]
[Black "Henc, Marian"]
[Result "0-1"]
[WhiteElo "1895"]
[BlackElo "1934"]
[PlyCount "62"]
[EventDate "2016.??.??"]

1. c4 Nf6 2. Nf3 c5 3. Nc3 d6 4. d4 Na6 5. a3 g6 6. e4 cxd4 7. Nxd4 Nc5 8. f3
Bg7 9. Be3 a6 10. Be2 O-O 11. O-O Rb8 12. b4 Ne6 13. Rc1 Nh5 14. Nd5 Bd7 15. f4
Nf6 16. Nc3 Nxd4 17. Bxd4 Qc8 18. h3 Be6 19. Nd5 Bxd5 20. cxd5 Qd7 21. Bf3 Rbc8
22. Qd2 Rxc1 23. Rxc1 Rc8 24. g4 h5 25. f5 hxg4 26. hxg4 b5 27. Rc3 Rc4 28.
Rxc4 bxc4 29. Qc3 gxf5 30. gxf5 Qb5 31. Kg2 Kf8 0-1

[Event "SR 2. liga A 2016/2017"]
[Site "?"]
[Date "2017.02.12"]
[Round "9.1"]
[White "Farkas, Gabor"]
[Black "Kavon, Rastislav"]
[Result "1-0"]
[WhiteElo "2370"]
[BlackElo "2190"]
[PlyCount "70"]
[EventDate "2016.??.??"]

1. c4 Nf6 2. Nc3 g6 3. e4 d6 4. d4 Bg7 5. Be2 O-O 6. Bg5 Na6 7. Qd2 e5 8. d5
Qe8 9. h4 Nc5 10. Bf3 a5 11. b3 Bd7 12. Nge2 b5 13. cxb5 Bxb5 14. Nxb5 Qxb5 15.
Nc3 Qb4 16. O-O a4 17. bxa4 Nxa4 18. Rfc1 Nxc3 19. Bxf6 Nxd5 20. Bg5 Qxd2 21.
Bxd2 Nf6 22. Rxc7 Ra4 23. Bd1 Rxe4 24. Bb3 Rd4 25. Bc3 Nd5 26. Bxd4 Nxc7 27.
Bb6 Na6 28. a4 e4 29. Rd1 Nc5 30. Bc2 Ra8 31. Rxd6 Bf8 32. Rd4 Ra6 33. a5 Nb7
34. Rxe4 Nxa5 35. Be3 f5 {èierny prekroèil èas} 1-0

[Event "SR 2. liga A 2016/2017"]
[Site "?"]
[Date "2017.02.12"]
[Round "9.1"]
[White "Puskar, Peter"]
[Black "Balogh, Peter"]
[Result "1/2-1/2"]
[WhiteElo "2206"]
[BlackElo "2279"]
[PlyCount "130"]
[EventDate "2016.??.??"]

1. d4 Nf6 2. Nf3 g6 3. g3 Bg7 4. Bg2 O-O 5. O-O d6 6. c4 Nc6 7. Nc3 e5 8. d5
Ne7 9. e4 Ne8 10. Qc2 h6 11. Ne1 f5 12. b4 fxe4 13. Nxe4 Nf5 14. Bb2 Nf6 15.
Nxf6+ Qxf6 16. Nf3 g5 17. Rae1 g4 18. Nd2 Nd4 19. Bxd4 exd4 20. Qd3 a5 21. b5
b6 22. a4 h5 23. f4 Bd7 24. Re2 Rae8 25. Be4 h4 26. Rfe1 Kh8 27. Nf1 Re7 28.
Bg6 Rxe2 29. Rxe2 Kg8 30. Nd2 Bf5 31. Bxf5 Qxf5 32. Qxf5 Rxf5 33. Re7 d3 34.
Ne4 Bd4+ 35. Kg2 Rf7 36. Re6 Kf8 37. Kf1 hxg3 38. hxg3 Rh7 39. Kg2 Rg7 40. Nd2
Bc3 41. Ne4 Be1 42. Kf1 d2 43. Ke2 Rh7 44. Nxd2 Bxg3 45. f5 Bf4 46. Nf1 Rg7 47.
Kf2 Rg5 48. Ng3 Bxg3+ 49. Kxg3 Rxf5 50. Kxg4 Rf1 51. c5 bxc5 52. b6 cxb6 53.
Rxd6 Rb1 54. Kf5 Ke7 55. Rh6 b5 56. axb5 Rxb5 57. Ke5 c4 58. Rh7+ Kd8 59. Kd6
Rb6+ 60. Kc5 Rg6 61. Kxc4 a4 62. Ra7 Kc8 63. Rxa4 Rg4+ 64. Kb5 Rxa4 65. Kxa4
Kd7 1/2-1/2

[Event "SR 2. liga A 2016/2017"]
[Site "?"]
[Date "2017.02.12"]
[Round "9.1"]
[White "Gruca, Miroslav"]
[Black "Bango, Lukas"]
[Result "1/2-1/2"]
[WhiteElo "2205"]
[BlackElo "2053"]
[PlyCount "84"]
[EventDate "2016.??.??"]

1. e4 c5 2. c3 Nf6 3. e5 Nd5 4. d4 cxd4 5. Nf3 Nc6 6. cxd4 d6 7. Bc4 e6 8. O-O
Nb6 9. Bb3 Be7 10. exd6 Qxd6 11. Nc3 O-O 12. Be3 Nd5 13. Qd3 Ncb4 14. Qd2 Bd7
15. a3 Nxc3 16. bxc3 Nd5 17. c4 Nxe3 18. fxe3 Bf6 19. Qd3 Bc6 20. Bc2 g6 21. e4
Bg7 22. e5 Qc7 23. Ng5 Qe7 24. Qe3 Rad8 25. Rf2 h6 26. Nh3 Qd7 27. Rd2 Ba4 28.
Bd1 Bxd1 29. Raxd1 Qc6 30. Qb3 Rd7 31. Nf2 Rc8 32. c5 Rcd8 33. Qe3 b6 34. Ne4
bxc5 35. Nxc5 Rd5 36. Ne4 Qb6 37. Qf2 R8d7 38. g4 Qa5 39. Qe3 Qb6 40. Kf2 Qd8
41. Kg2 Qh4 42. h3 Qd8 1/2-1/2

[Event "SR 2. liga A 2016/2017"]
[Site "?"]
[Date "2017.02.12"]
[Round "9.1"]
[White "Szitkey, Milan"]
[Black "Slacky, Stanislav"]
[Result "0-1"]
[WhiteElo "2081"]
[BlackElo "2198"]
[PlyCount "86"]
[EventDate "2016.??.??"]

1. e4 Nf6 2. Nc3 d5 3. exd5 Nxd5 4. Bc4 c6 5. Qf3 Be6 6. Nge2 Nc7 7. d3 g6 8.
Bf4 Bxc4 9. dxc4 Bg7 10. Rd1 Qc8 11. O-O Ne6 12. Rfe1 O-O 13. b3 Nd7 14. Ne4 f5
15. N4g3 Re8 16. Bd2 Ne5 17. Qc3 Nf7 18. Qa5 b6 19. Qa3 Nf8 20. Bc3 e5 21. Qb2
Qc7 22. Nc1 Ne6 23. h4 Rad8 24. h5 e4 25. Bxg7 Nxg7 26. hxg6 hxg6 27. Nce2 Rxd1
28. Rxd1 f4 29. Nf1 g5 30. Nh2 Ne5 31. Qd4 e3 32. fxe3 Nf5 33. Qe4 Nxe3 34. Rd2
Qf7 35. Nf3 N5xc4 36. Qxc6 Nxd2 37. Nxd2 Qe6 38. Qb5 Qe5 39. Qc6 Kf7 40. Nc3
Nf5 41. Qc4+ Kg7 42. Nde4 Ng3 43. Nxg3 Qe3+ 0-1

[Event "SR 2. liga A 2016/2017"]
[Site "?"]
[Date "2017.02.12"]
[Round "9.1"]
[White "Koloditsova, Renata"]
[Black "Liptak, Dusan"]
[Result "1-0"]
[WhiteElo "1959"]
[BlackElo "2124"]
[PlyCount "117"]
[EventDate "2016.??.??"]

1. d4 Nf6 2. Nf3 g6 3. Bf4 Bg7 4. e3 d6 5. Bd3 O-O 6. Nbd2 Nbd7 7. c3 Qe8 8.
Qb1 e5 9. Bg3 Nh5 10. Ng5 c6 11. O-O Qe7 12. Ngf3 f5 13. dxe5 dxe5 14. b4 Kh8
15. Bh4 Qe8 16. e4 Nf4 17. Re1 Nxd3 18. Qxd3 f4 19. Nc4 h6 20. Rad1 Qe6 21. Nd6
Nb6 22. c4 a5 23. Bd8 Na4 24. Nxc8 Nb2 25. Qd7 Qg8 26. Rd6 Nxc4 27. Ne7 Rfxd8
28. Nxg8 Rxd7 29. Rxd7 Kxg8 30. Rxb7 axb4 31. Rxb4 Na3 32. Rc1 Ra6 33. h3 Kf7
34. Rc5 Ke6 35. Rb7 Bf6 36. Nd2 Nb5 37. a4 Nd4 38. a5 Be7 39. Rc4 Rxa5 40. Nb3
Nxb3 41. Rxc6+ Kf7 42. Rxb3 h5 43. Rb7 Ra1+ 44. Kh2 Ra8 45. Rcc7 Re8 46. Rb5
Ke6 47. Rc6+ Bd6 48. Rbb6 Rd8 49. Kg1 Rd7 50. Kf1 Rd8 51. Ke2 Rd7 52. Kd3 g5
53. Kc4 g4 54. f3 gxf3 55. gxf3 Rd8 56. Rb7 Rh8 57. Rg7 Rh6 58. Ra6 h4 59. Rb6
1-0

[Event "SR 2. liga A 2016/2017"]
[Site "?"]
[Date "2017.02.12"]
[Round "9.1"]
[White "Sturdik, Igor"]
[Black "Pusec, Pavel"]
[Result "0-1"]
[WhiteElo "1975"]
[BlackElo "1970"]
[PlyCount "58"]
[EventDate "2016.??.??"]

1. e4 d6 2. d4 Nf6 3. Nc3 g6 4. Be3 Bg7 5. f3 c6 6. Qd2 b5 7. Nge2 a6 8. g4 h5
9. g5 Ng8 10. h4 e6 11. Ng3 Ne7 12. O-O-O Nd7 13. f4 Nb6 14. Bf2 Qc7 15. Bh3
Nc4 16. Qd3 Bd7 17. f5 Bf8 18. f6 Nc8 19. d5 N8b6 20. b3 Ne5 21. Qe3 c5 22.
dxe6 fxe6 23. Nge2 Kf7 24. Bg3 a5 25. Nf4 a4 26. Nxb5 Qc6 27. Nc3 axb3 28. cxb3
Nbc4 29. Qd4 cxd4 0-1

[Event "SR 2. liga A 2016/2017"]
[Site "?"]
[Date "2017.02.12"]
[Round "9.1"]
[White "Koval, Michal"]
[Black "Mosny, Jaroslav"]
[Result "1/2-1/2"]
[WhiteElo "2038"]
[BlackElo "1961"]
[PlyCount "51"]
[EventDate "2016.??.??"]

1. e4 e5 2. Nf3 d6 3. d4 exd4 4. Nxd4 g6 5. Nc3 Bg7 6. Bc4 Nf6 7. f3 O-O 8. Bg5
c6 9. Qd2 Nbd7 10. h4 Ne5 11. Be2 h5 12. O-O-O Qc7 13. Qf4 Nh7 14. Bh6 Qe7 15.
Bxg7 Kxg7 16. g4 hxg4 17. fxg4 Be6 18. g5 Rad8 19. Rdg1 f6 20. gxf6+ Qxf6 21.
Qe3 Bc8 22. Rf1 Qe7 23. h5 Rxf1+ 24. Rxf1 Qg5 25. Qxg5 Nxg5 26. Rg1 1/2-1/2

[Event "SR 2. liga A 2016/2017"]
[Site "?"]
[Date "2017.02.12"]
[Round "9.1"]
[White "Doucha, Ludvig"]
[Black "Lesny, Stefan"]
[Result "0-1"]
[WhiteElo "1902"]
[BlackElo "2035"]
[PlyCount "88"]
[EventDate "2016.??.??"]

1. e4 e5 2. Nf3 Nf6 3. Nc3 Nc6 4. Bc4 Bc5 5. O-O d6 6. h3 O-O 7. d3 h6 8. a3
Ne7 9. Be3 Bxe3 10. fxe3 Ng6 11. Nh2 c6 12. b4 a6 13. Qf3 Qe7 14. Rf2 Be6 15.
Bxe6 Qxe6 16. Raf1 b5 17. Qf5 a5 18. Ng4 Nxg4 19. Qxe6 fxe6 20. Rxf8+ Nxf8 21.
hxg4 axb4 22. axb4 Ra3 23. Nd1 Ra2 24. Rf2 Ra1 25. Rd2 Rb1 26. c3 Nd7 27. Kf2
Nb6 28. Ke2 Na4 29. Rc2 Kf7 30. d4 Kf6 31. Nf2 Rb2 32. Rxb2 Nxb2 33. Kf3 Kg5
34. Kg3 Nc4 35. Kf3 Nd2+ 36. Kg3 Kf6 37. Kh4 g5+ 38. Kg3 exd4 39. exd4 e5 40.
Kh2 Ke6 41. Kg3 exd4 42. cxd4 Nb3 43. Kf3 Nxd4+ 44. Ke3 Nc2+ 0-1

[Event "SR 2. liga A 2016/2017"]
[Site "?"]
[Date "2017.02.12"]
[Round "9.2"]
[White "Takacs, Laszlo"]
[Black "Sosna, Jan"]
[Result "1-0"]
[WhiteElo "2208"]
[BlackElo "2353"]
[PlyCount "75"]
[EventDate "2016.??.??"]

1. e4 e5 2. Nf3 Nc6 3. Bb5 Nf6 4. O-O Nxe4 5. d4 Nd6 6. Bxc6 dxc6 7. dxe5 Nf5
8. Qxd8+ Kxd8 9. b3 Ke8 10. Bb2 Ne7 11. Nbd2 Bf5 12. Nd4 Bg6 13. N2f3 a6 14.
Nh4 c5 15. Nxg6 hxg6 16. Ne2 Rd8 17. Rad1 Nd5 18. c4 Nb4 19. a3 Nc6 20. Nf4 Nd4
21. Bxd4 cxd4 22. b4 a5 23. bxa5 g5 24. Nd5 c6 25. Nb4 Rh4 26. Nd3 Kd7 27. f4
gxf4 28. Nxf4 Ra8 29. e6+ Ke8 30. Rb1 g5 31. exf7+ Kxf7 32. Rxb7+ Kg8 33. Ng6
Re4 34. Nxf8 d3 35. Nd7 Rf4 36. Rxf4 gxf4 37. Kf2 Rxa5 38. Rb3 1-0

[Event "SR 2. liga A 2016/2017"]
[Site "?"]
[Date "2017.02.12"]
[Round "9.2"]
[White "Koutny, Petr"]
[Black "Darazs, Zoltan"]
[Result "1-0"]
[WhiteElo "2160"]
[BlackElo "2151"]
[PlyCount "103"]
[EventDate "2016.??.??"]

1. e4 e5 2. Nf3 Nc6 3. Nc3 Nf6 4. Bb5 Nd4 5. Ba4 Nxf3+ 6. Qxf3 Be7 7. Qg3 O-O
8. Qxe5 Re8 9. d3 Bb4 10. Qg5 h6 11. Qh4 c6 12. O-O a5 13. a3 Bxc3 14. bxc3 d5
15. exd5 Nxd5 16. Qxd8 Rxd8 17. Bd2 Be6 18. Rab1 b5 19. Bb3 a4 20. Bxd5 Bxd5
21. Rfe1 Re8 22. f3 f6 23. Kf2 Kf8 24. Rb4 Rxe1 25. Bxe1 Be6 26. Bd2 Ke7 27. c4
bxc4 28. Rb7+ Kf8 29. Bb4+ Kg8 30. d4 Bd5 31. Re7 Kh7 32. h4 h5 33. g4 hxg4 34.
fxg4 Kg8 35. Kg3 Bf7 36. Rc7 Bd5 37. h5 Re8 38. Be7 Kf7 39. Bd6+ Kg8 40. g5
Re3+ 41. Kg4 fxg5 42. Be5 Bf7 43. Rxc6 Rxa3 44. Rc8+ Kh7 45. Rc7 Kg8 46. d5 Re3
47. Kf5 Bxd5 48. Rxg7+ Kf8 49. Ra7 Be4+ 50. Ke6 Bc6 51. h6 Rh3 52. Rh7 1-0

[Event "SR 2. liga A 2016/2017"]
[Site "?"]
[Date "2017.02.12"]
[Round "9.2"]
[White "Marosi, Csaba"]
[Black "Hudacek, Josef"]
[Result "1/2-1/2"]
[WhiteElo "2015"]
[BlackElo "2056"]
[PlyCount "70"]
[EventDate "2016.??.??"]

1. e4 b6 2. d4 Bb7 3. Nc3 e6 4. Be3 Bb4 5. f3 Nf6 6. Nge2 d5 7. e5 Nfd7 8. a3
Be7 9. Qd2 c5 10. f4 Nc6 11. O-O-O Ba6 12. g4 Qc8 13. Ng3 Bxf1 14. Rdxf1 cxd4
15. Bxd4 Nxd4 16. Qxd4 Bc5 17. Qd3 a6 18. Nh5 O-O 19. Rf3 f6 20. Nxd5 fxe5 21.
Nc3 g6 22. Ne4 Be7 23. Qb3 Nc5 24. Nxc5 Bxc5 25. Ng3 exf4 26. Ne4 Be3+ 27. Kb1
Qc6 28. Ng5 Rae8 29. Rhf1 Qd5 30. Qxd5 exd5 31. Nh3 Re7 32. Nxf4 Bxf4 33. Rxf4
Rxf4 34. Rxf4 Re1+ 35. Ka2 Re4 1/2-1/2

[Event "SR 2. liga A 2016/2017"]
[Site "?"]
[Date "2017.02.12"]
[Round "9.2"]
[White "Londin, Martin"]
[Black "Cibulka, Vladimir"]
[Result "1-0"]
[WhiteElo "1922"]
[BlackElo "2171"]
[PlyCount "59"]
[EventDate "2016.??.??"]

1. e4 e6 2. g3 d5 3. Bg2 dxe4 4. Bxe4 Nf6 5. Bg2 Nc6 6. Nf3 Bc5 7. O-O O-O 8.
d3 e5 9. Be3 Bxe3 10. fxe3 Re8 11. Nc3 Bg4 12. h3 Bd7 13. Nd2 Be6 14. Nde4 Nxe4
15. Nxe4 Qe7 16. g4 Rad8 17. g5 Qf8 18. Qh5 Ne7 19. Ng3 Bd5 20. Be4 Bxe4 21.
Nxe4 Ng6 22. Rf2 Re6 23. Raf1 Rd7 24. Qg4 b6 25. h4 Qc8 26. h5 Nf8 27. Nf6+
gxf6 28. gxf6+ Ng6 29. hxg6 hxg6 30. Rh2 1-0

[Event "SR 2. liga A 2016/2017"]
[Site "?"]
[Date "2017.02.12"]
[Round "9.2"]
[White "Veselsky, Jozef"]
[Black "Harastova, Viera"]
[Result "1-0"]
[WhiteElo "2078"]
[BlackElo "1861"]
[PlyCount "107"]
[EventDate "2016.??.??"]

1. d4 d5 2. Nf3 Nf6 3. c4 e6 4. Nc3 Be7 5. Bg5 h6 6. Bh4 O-O 7. e3 b6 8. cxd5
Nxd5 9. Bxe7 Nxe7 10. Bd3 Bb7 11. O-O Nd7 12. Qe2 Nd5 13. Rac1 Qe7 14. Nxd5
Bxd5 15. Rxc7 Qd6 16. Rc3 Rfc8 17. Rfc1 Rxc3 18. bxc3 Qa3 19. Rc2 Rc8 20. e4
Bb7 21. Qe1 Ba6 22. Bxa6 Qxa6 23. h3 Qd3 24. Rc1 Nf6 25. Qe3 Qxe4 26. c4 Qxe3
27. fxe3 Ne4 28. Kf1 f6 29. Ke2 Kf7 30. Rc2 Nd6 31. Kd3 Ke7 32. Nd2 Kd7 33. Nb3
f5 34. a4 h5 35. c5 Ne4 36. Kc4 bxc5 37. dxc5 g5 38. Rc1 Nf6 39. Na5 Nd5 40.
Kd4 Nb4 41. Rd1 Nc6+ 42. Kc4+ Ke7 43. Nxc6+ Rxc6 44. Kb5 Rc7 45. Rd6 f4 46.
exf4 gxf4 47. Rd2 e5 48. c6 Ke6 49. Kc5 e4 50. Rd6+ Ke7 51. Rd4 Kf6 52. Rxe4
Kf5 53. Re8 Rg7 54. Kd5 1-0

[Event "SR 2. liga A 2016/2017"]
[Site "?"]
[Date "2017.02.12"]
[Round "9.2"]
[White "Vogl, Zdenek"]
[Black "Merva, Frantisek"]
[Result "1-0"]
[WhiteElo "1915"]
[BlackElo "2107"]
[PlyCount "20"]
[EventDate "2016.??.??"]

1. e4 e5 2. Nf3 Nc6 3. Bb5 Nge7 4. d4 exd4 5. Nxd4 g6 6. Bg5 Bg7 7. c3 h6 8.
Bh4 O-O 9. O-O a6 10. Ba4 b5 1-0

[Event "SR 2. liga A 2016/2017"]
[Site "?"]
[Date "2017.02.12"]
[Round "9.2"]
[White "Kalmar, Tamas"]
[Black "Hrubsa, Marian"]
[Result "1-0"]
[WhiteElo "2070"]
[BlackElo "1900"]
[PlyCount "125"]
[EventDate "2016.??.??"]

1. d4 d5 2. c4 e6 3. Nf3 Nf6 4. Bg5 c6 5. e3 Qa5+ 6. Nfd2 Ne4 7. Bf4 Bb4 8. f3
Nf6 9. Kf2 Be7 10. Nc3 Nbd7 11. h3 Nh5 12. Bh2 O-O 13. Bd3 f5 14. Rf1 f4 15. e4
e5 16. cxd5 exd4 17. Nb3 Qb6 18. Ne2 cxd5 19. exd5 Ne5 20. Nexd4 Bc5 21. Be4
Nc4 22. Nxc5 Qxc5 23. Rc1 Qb4 24. Nc2 Qxb2 25. Qd4 Qb6 26. Rfd1 Qxd4+ 27. Rxd4
Nd6 28. Nb4 a5 29. Nd3 b5 30. Rc6 Rf6 31. Nxf4 Nxf4 32. Bxf4 Nxe4+ 33. Rxe4
Rxc6 34. dxc6 Kf7 35. Re5 Ra6 36. Rxb5 Rxc6 37. Rxa5 Rc2+ 38. Kg3 Be6 39. a3
Ra2 40. Be5 Bc4 41. Bd4 Bf1 42. Bf2 Ke6 43. f4 Kd6 44. Ra7 Kd5 45. Rxg7 Rxa3+
46. Kh2 Ke4 47. Rxh7 Kxf4 48. Rf7+ Ke4 49. Bh4 Bc4 50. Rf2 Bd5 51. Bg5 Ba8 52.
h4 Ra5 53. Rf4+ Kd3 54. Kh3 Ke2 55. Kg3 Ra3+ 56. Kh2 Ra5 57. Be7 Ra2 58. h5 Ke3
59. Rg4 Be4 60. h6 Ra6 61. Kg3 Kd3 62. Bf8 Ra2 63. Rxe4 1-0

[Event "SR 2. liga A 2016/2017"]
[Site "?"]
[Date "2017.02.12"]
[Round "9.2"]
[White "Planka, Peter"]
[Black "Meszaros, Lorant"]
[Result "1-0"]
[WhiteElo "1816"]
[BlackElo "1994"]
[PlyCount "87"]
[EventDate "2016.??.??"]

1. e4 e5 2. Nf3 Nc6 3. Bb5 a6 4. Ba4 Nf6 5. O-O Be7 6. Re1 b5 7. Bb3 d6 8. c3
O-O 9. h3 Nb8 10. d4 Nbd7 11. a4 Bb7 12. Bc2 Re8 13. d5 c6 14. dxc6 Bxc6 15.
axb5 axb5 16. Rxa8 Qxa8 17. Qe2 Nc5 18. Nbd2 Rc8 19. Bd3 Nxd3 20. Qxd3 Qa4 21.
Nh2 Nd7 22. Nhf1 Rf8 23. b3 Nc5 24. Qc2 Qa8 25. b4 Ne6 26. Nb3 Qa4 27. Qb1 Bd8
28. Re2 Qa8 29. f3 f6 30. Be3 d5 31. Ra2 Qb7 32. Ra7 Qc8 33. Nc5 Bb6 34. Nxe6
Bxa7 35. Nxf8 Bxe3+ 36. Nxe3 Kxf8 37. exd5 Bd7 38. Qd3 g6 39. Ng4 Kg7 40. Nf2
f5 41. Qe3 Qb8 42. Qc5 Kf6 43. Nd3 Qe8 44. Qd6+ 1-0

[Event "SR 2. liga A 2016/2017"]
[Site "?"]
[Date "2017.02.12"]
[Round "9.3"]
[White "Karas, Marek"]
[Black "Hacik, Radomir"]
[Result "1-0"]
[WhiteElo "2218"]
[BlackElo "2163"]
[PlyCount "105"]
[EventDate "2016.??.??"]

1. d4 c5 2. e4 e6 3. Nf3 cxd4 4. Nxd4 Nc6 5. Nc3 d6 6. Bc4 Nf6 7. Be3 Be7 8. f3
O-O 9. Qd2 a6 10. O-O-O Qc7 11. Bb3 b5 12. Nxc6 Qxc6 13. g4 a5 14. a4 Ba6 15.
axb5 Bxb5 16. Nxb5 Qxb5 17. Qd3 Qb7 18. Ba4 Rab8 19. Qb3 Qa6 20. Qd3 Qb7 21.
Qb3 Qa6 22. Qa3 Rfd8 23. Bf4 Kf8 24. Qd3 Qb6 25. b3 Qb4 26. Be3 d5 27. e5 Ne4
28. fxe4 Qa3+ 29. Kb1 Qxa4 30. Bc1 Qxe4 31. Qxe4 dxe4 32. Rxd8+ Rxd8 33. Re1
Rd4 34. Kb2 Ke8 35. c3 Rd5 36. Rxe4 Kd7 37. Kc2 f5 38. exf6 Bxf6 39. c4 Re5 40.
Kd3 g6 41. Rxe5 Bxe5 42. h3 Kc6 43. Ke4 Bc3 44. Be3 Kd6 45. Bf4+ Kc6 46. Kd3
Bf6 47. Bd2 Bd8 48. Bc3 Kc5 49. Ke4 Bc7 50. Be5 Bd8 51. Kd3 Kb4 52. Bd6+ Kxb3
53. c5 1-0

[Event "SR 2. liga A 2016/2017"]
[Site "?"]
[Date "2017.02.12"]
[Round "9.3"]
[White "Privara, Igor"]
[Black "Jozefek, Michal"]
[Result "1/2-1/2"]
[WhiteElo "2154"]
[BlackElo "2199"]
[PlyCount "90"]
[EventDate "2016.??.??"]

1. e4 c5 2. c3 Nf6 3. e5 Nd5 4. Nf3 Nc6 5. Bc4 Nb6 6. Bb3 d6 7. exd6 Qxd6 8.
O-O Bf5 9. Na3 Bd3 10. Re1 e6 11. Bc2 Be7 12. Bxd3 Qxd3 13. Qc2 Qd7 14. Qe4 O-O
15. d4 cxd4 16. cxd4 Qd5 17. Qxd5 Nxd5 18. Nc2 Rfd8 19. Be3 Rac8 20. Rac1 Bf6
21. Red1 Rc7 22. Nce1 Rdc8 23. Nd3 Nce7 24. Kf1 Rxc1 25. Rxc1 Rxc1+ 26. Nxc1
Nf5 27. Ke2 Kf8 28. Nd3 Ke8 29. g4 Nd6 30. Nf4 Nxf4+ 31. Bxf4 Kd7 32. Kd3 Kc6
33. Be5 Kd5 34. Bxf6 gxf6 35. Nd2 e5 36. dxe5 fxe5 37. f3 b6 38. Ne4 Nxe4 39.
fxe4+ Kd6 40. Kc4 Kc6 41. b4 b5+ 42. Kd3 f6 43. Ke3 Kd6 44. Kf3 Ke6 45. h4 h6
1/2-1/2